Tafeln Zur Theoretischen Astronomie (Record no. 402)

MARC details
000 -LEADER
fixed length control field 00560nam a2200181Ia 4500
003 - CONTROL NUMBER IDENTIFIER
control field IN-BaIIA
008 - FIXED-LENGTH DATA ELEMENTS--GENERAL INFORMATION
fixed length control field 211028s9999 xx 000 0 eng d
040 ## - CATALOGING SOURCE
Transcribing agency IIA Library
080 ## - UNIVERSAL DECIMAL CLASSIFICATION NUMBER
Universal Decimal Classification number 083:52
Item number BAU
100 ## - MAIN ENTRY--PERSONAL NAME
Personal name Bauschinger, Julius
9 (RLIN) 913
245 #0 - TITLE STATEMENT
Title Tafeln Zur Theoretischen Astronomie
Statement of responsibility, etc. Julius Bauschinger and Von Bearbeitet
260 ## - PUBLICATION, DISTRIBUTION, ETC.
Place of publication, distribution, etc. Leipzig
Name of publisher, distributor, etc. Verlag Von Wilhelm
Date of publication, distribution, etc. 1901
300 ## - PHYSICAL DESCRIPTION
Extent 148p
650 ## - SUBJECT ADDED ENTRY--TOPICAL TERM
Topical term or geographic name entry element Astronomy and Astrophysics Thesaurus
650 ## - SUBJECT ADDED ENTRY--TOPICAL TERM
Topical term or geographic name entry element Tables
9 (RLIN) 914
700 ## - ADDED ENTRY--PERSONAL NAME
Personal name Bearbeitet, Von
9 (RLIN) 915
942 ## - ADDED ENTRY ELEMENTS (KOHA)
Koha item type Books
Holdings
Withdrawn status Lost status Damaged status Not for loan Home library Current library Shelving location Date acquired Total Checkouts Full call number Barcode Date last seen Price effective from Koha item type
        IIA Library-Bangalore IIA Library-Kodaikanal General Stacks     083:52/ BAU 396 05/11/2021   Books

Powered by Koha